[Event "Candidates Tournament (Women)"]
[Site "Toronto"]
[Date "2024.04.17"]
[Round "11.1"]
[White "Lei, Tingjie"]
[Black "Muzychuk, Anna"]
[Result "1/2-1/2"]
[WhiteElo "2550"]
[BlackElo "2520"]
[PlyCount "105"]
[EventDate "2024.04.04"]
[EventType "tourn"]
[EventRounds "14"]
[EventCountry "CAN"]
[EventCategory "11"]
[SourceTitle "CB17_2024"]
[SourceDate "2024.04.24"]
[SourceVersion "1"]
[SourceVersionDate "2024.04.24"]
[SourceQuality "1"]

1. e4 e5 2. Nf3 Nc6 3. Bc4 Bc5 4. d3 Nf6 5. 0-0 d6 6. c3 a5 7. Nbd2 0-0 8. Re1 Be6 9. Bb5 Qb8 10. Nf1 Qa7 11. Re2 a4 12. h3 Qa5 13. Bxc6 bxc6 14. Ng5 Bb6 15. Ng3 h6 16. Nf3 Rfd8 17. Bd2 Qa6 18. Qc1 Qxd3 19. Bxh6 gxh6 20. Qxh6 Ne8 21. Rd2 Qc4 22. Nxe5 dxe5 23. Rxd8 Rxd8 24. Qg5+ Kf8 25. Qxd8 a3 26. Qd2 axb2 27. Qxb2 Qd3 28. Kh2 Nd6 29. Re1 Nb5 30. c4 Qc3 31. Qe2 Bxc4 32. Qg4 Nd6 33. Qg5 Qxe1 34. Nf5 Nxf5 35. Qd8+ Kg7 36. Qg5+ Kf8 37. Qd8+ Kg7 38. Qg5+ Kh8 39. exf5 f6 40. Qxf6+ Kg8 41. Qg6+ Kf8 42. Qf6+ Bf7 43. Qd8+ Be8 44. Qf6+ Kg8 45. Qe7 Bh5 46. Qg5+ Kf8 47. Qf6+ Ke8 48. Qxc6+ Kd8 49. Qd5+ Kc8 50. Qa8+ Kd7 51. Qd5+ Kc8 52. Qa8+ Kd7 53. Qd5+ 1/2-1/2

[Event "Candidates Tournament (Women)"]
[Site "Toronto"]
[Date "2024.04.07"]
[Round "4"]
[White "Muzychuk, Anna"]
[Black "Lei, Tingjie"]
[Result "1/2-1/2"]
[WhiteElo "2520"]
[BlackElo "2550"]
[PlyCount "150"]
[EventDate "2024.04.04"]
[EventType "tourn"]
[EventRounds "14"]
[EventCountry "CAN"]
[EventCategory "11"]
[SourceTitle "CB17_2024"]
[SourceDate "2024.04.24"]
[SourceVersion "1"]
[SourceVersionDate "2024.04.24"]
[SourceQuality "1"]

1. e4 e6 2. d4 d5 3. exd5 exd5 4. Nf3 Nf6 5. Bd3 Bd6 6. 0-0 0-0 7. Bg5 Re8 8. Nbd2 Bg4 9. h3 Bh5 10. c4 dxc4 11. Nxc4 Nc6 12. g4 Bg6 13. Bxg6 hxg6 14. Qb3 Qd7 15. Bxf6 gxf6 16. d5 Ne5 17. Nfxe5 Bxe5 18. Qxb7 Rab8 19. Nxe5 fxe5 20. Qxa7 Qxd5 21. b3 c5 22. Rfe1 Ra8 23. Qc7 Qd3 24. Qxc5 Qxh3 25. Qc4 Kg7 26. Qe4 Ra3 27. Re3 Qh4 28. Kg2 Qg5 29. Rh3 Qd2 30. Qe3 Qxe3 31. Rxe3 f6 32. b4 Ra4 33. a3 Rb8 34. Rc1 Kh6 35. Kg3 Rba8 36. Rcc3 Kg5 37. f3 Rd8 38. Red3 Rda8 39. Re3 Rd8 40. Rc5 Rda8 41. f4+ Kh6 42. fxe5 Rxa3 43. Rxa3 Rxa3+ 44. Kf4 g5+ 45. Ke4 Rg3 46. e6 Rxg4+ 47. Kd5 Rxb4 48. e7 Rb8 49. Ke6 Kg6 50. Rd5 Re8 51. Rd8 Rxe7+ 52. Kxe7 Kf5 53. Rd5+ Kf4 54. Kxf6 g4 55. Rd4+ Kf3 56. Kf5 g3 57. Rd3+ Kf2 58. Kg4 g2 59. Rd2+ Kf1 60. Kf3 g1N+ 61. Ke3 Nh3 62. Rh2 Ng1 63. Rf2+ Ke1 64. Rf6 Nh3 65. Rf3 Ng1 66. Rg3 Kf1 67. Rg6 Nh3 68. Rg7 Ng1 69. Rg3 Ne2 70. Rf3+ Ke1 71. Rf7 Ng1 72. Kd3 Nh3 73. Rh7 Nf2+ 74. Ke3 Nd1+ 75. Kd3 Nf2+ 1/2-1/2

[Event "Candidates Tournament (Women)"]
[Site "Toronto"]
[Date "2024.04.04"]
[Round "1"]
[White "Muzychuk, Anna"]
[Black "Salimova, Nurgyul"]
[Result "1/2-1/2"]
[WhiteElo "2520"]
[BlackElo "2432"]
[PlyCount "80"]
[EventDate "2024.04.04"]
[EventType "tourn"]
[EventRounds "14"]
[EventCountry "CAN"]
[EventCategory "11"]
[SourceTitle "CB17_2024"]
[SourceDate "2024.04.24"]
[SourceVersion "1"]
[SourceVersionDate "2024.04.24"]
[SourceQuality "1"]

1. e4 e5 2. Nf3 Nf6 3. d4 Nxe4 4. Bd3 d5 5. Nxe5 Nd7 6. Nxd7 Bxd7 7. 0-0 Bd6 8. Nc3 Nxc3 9. bxc3 0-0 10. Qh5 f5 11. Rb1 b6 12. Re1 c6 13. Bg5 Qc7 14. c4 Be8 15. Qf3 dxc4 16. Bxc4+ Bf7 17. Bxf7+ Rxf7 18. h3 f4 19. Bh4 Bf8 20. Re6 Rc8 21. c4 Qd7 22. Qe4 f3 23. Re1 fxg2 24. Bg3 Rd8 25. Rd1 Re7 26. Rxe7 Qxe7 27. Qxe7 Bxe7 28. Kxg2 Kf7 29. Kf3 Bd6 30. Ke4 Bxg3 31. fxg3 Re8+ 32. Kd3 Re6 33. d5 Rg6 34. dxc6 Rxc6 35. Kc3 Ke7 36. Kb4 Rc5 37. Re1+ Kd7 38. Rd1+ Ke7 39. Re1+ Kd7 40. Rd1+ Ke7 1/2-1/2

[Event "Wch Rapid (Women)"]
[Site "Samarkand"]
[Date "2023.12.27"]
[Round "8"]
[White "Muzychuk, Anna"]
[Black "Fataliyeva, Ulviyya Hasil Qizi"]
[Result "1-0"]
[WhiteElo "2530"]
[BlackElo "2384"]
[PlyCount "111"]
[EventDate "2023.12.26"]
[EventType "swiss (rapid)"]
[EventRounds "11"]
[EventCountry "UZB"]
[SourceTitle "CB01_2024"]
[SourceDate "2024.01.03"]
[SourceVersion "1"]
[SourceVersionDate "2024.01.03"]
[SourceQuality "1"]

1. e4 e5 2. Nf3 Nc6 3. Bb5 a6 4. Ba4 Nf6 5. 0-0 Be7 6. d3 b5 7. Bb3 d6 8. a3 Na5 9. Ba2 c5 10. Bg5 c4 11. Bxf6 Bxf6 12. dxc4 bxc4 13. Nc3 Rb8 14. b4 cxb3 15. cxb3 0-0 16. Nd5 Be7 17. Rc1 Bd7 18. b4 Nc6 19. Qd3 Bg5 20. Rc2 Bh6 21. Qxa6 Nd4 22. Nxd4 exd4 23. Qd3 Ba4 24. Rc7 Qh4 25. Qxd4 Rbe8 26. f3 Re5 27. g3 Qd8 28. Ra7 Bb5 29. Rf2 Bc6 30. f4 Re6 31. Rc2 Rfe8 32. Nf6+ Rxf6 33. Rxc6 Bxf4 34. Rxf7 Be5 35. Qd5 Kh8 36. Rcc7 Rf8 37. Rxf8+ Qxf8 38. Rf7 Rxf7 39. Qxf7 Qxf7 40. Bxf7 g6 41. Kf2 Kg7 42. Bb3 Kf8 43. Ke3 Ke7 44. Kd3 Kd8 45. Kc4 h5 46. Kb5 g5 47. Kc6 g4 48. Be6 Bd4 49. b5 Ke7 50. Bf5 Kf6 51. a4 Ke5 52. a5 d5 53. exd5 Kxf5 54. b6 h4 55. a6 hxg3 56. hxg3 1-0

[Event "Wch Rapid (Women)"]
[Site "Samarkand"]
[Date "2023.12.27"]
[Round "5"]
[White "Pourkashiyan, Atousa"]
[Black "Muzychuk, Anna"]
[Result "1-0"]
[WhiteElo "2259"]
[BlackElo "2530"]
[PlyCount "101"]
[EventDate "2023.12.26"]
[EventType "swiss (rapid)"]
[EventRounds "11"]
[EventCountry "UZB"]
[SourceTitle "CB01_2024"]
[SourceDate "2024.01.03"]
[SourceVersion "1"]
[SourceVersionDate "2024.01.03"]
[SourceQuality "1"]

1. e4 e5 2. Nf3 Nc6 3. Bb5 a6 4. Ba4 d6 5. 0-0 Bg4 6. c4 Nf6 7. Nc3 Be7 8. h3 Bxf3 9. Qxf3 Nd7 10. Ne2 0-0 11. d3 Bg5 12. Qg3 Bxc1 13. Raxc1 f5 14. exf5 Ne7 15. d4 Nxf5 16. Qg4 c6 17. Bc2 g6 18. Rcd1 Qe7 19. Rfe1 Rae8 20. Ng3 Nxg3 21. Qxg3 Qf6 22. Re4 Kg7 23. Rde1 c5 24. dxe5 Rxe5 25. b3 Rfe8 26. Rxe5 Rxe5 27. Rd1 Re6 28. Qd3 Ne5 29. Qd5 Nc6 30. Be4 Nd4 31. Bd3 Re7 32. Rf1 h5 33. f4 h4 34. Kh2 Kh6 35. Qg8 Re3 36. Bb1 Re2 37. Kh1 Qg7 38. Qc8 b5 39. Qxa6 bxc4 40. bxc4 Qe7 41. Qc8 Kg7 42. Qg4 Qf6 43. a4 Re3 44. a5 Ne2 45. Rd1 Nxf4 46. a6 Qe5 47. Qxh4 Re2 48. Rf1 Nxg2 49. Qg4 Qh5 50. Qxh5 gxh5 51. Rg1 1-0

[Event "FIDE Grand Swiss (Women)"]
[Site "Douglas"]
[Date "2023.11.04"]
[Round "10"]
[White "Muzychuk, Anna"]
[Black "Cori Tello, Deysi Estella"]
[Result "1-0"]
[WhiteElo "2510"]
[BlackElo "2367"]
[PlyCount "83"]
[EventDate "2023.10.25"]
[EventType "swiss"]
[EventRounds "11"]
[EventCountry "IOM"]
[SourceTitle "Mega2024 Update 01"]
[Source "Chessbase"]
[SourceDate "2023.11.12"]
[SourceVersion "1"]
[SourceVersionDate "2023.11.12"]
[SourceQuality "1"]

1. e4 g6 2. d4 Bg7 3. Nc3 d6 4. Be3 a6 5. Nf3 b5 6. h4 h6 7. e5 e6 8. a4 b4 9. Ne4 Bb7 10. Bd3 Ne7 11. Qe2 Nd5 12. Rd1 Qe7 13. c4 bxc3 14. bxc3 Nd7 15. Bd2 dxe5 16. Nxe5 Bxe5 17. dxe5 Nxe5 18. Bc2 0-0-0 19. Rb1 f5 20. Ng3 Qd6 21. 0-0 Nb6 22. Bf4 Qd5 23. f3 Nec4 24. a5 e5 25. Bxe5 Rhe8 26. axb6 Rxe5 27. Qf2 Qc5 28. bxc7 Rd2 29. Qxc5 Rxc5 30. Bb3 Nd6 31. Rfe1 Rxc7 32. Re6 Rg7 33. c4 Kc7 34. Nf1 Rd4 35. Ne3 Kd7 36. c5 Nb5 37. h5 Rb4 38. Rxg6 Re7 39. Nxf5 Re5 40. Be6+ Rxe6 41. Rxb4 Re1+ 42. Kf2 1-0

[Event "FIDE Grand Swiss (Women)"]
[Site "Douglas"]
[Date "2023.11.03"]
[Round "9"]
[White "Garifullina, Leya"]
[Black "Muzychuk, Anna"]
[Result "1/2-1/2"]
[WhiteElo "2402"]
[BlackElo "2510"]
[PlyCount "167"]
[EventDate "2023.10.25"]
[EventType "swiss"]
[EventRounds "11"]
[EventCountry "IOM"]
[SourceTitle "Mega2024 Update 01"]
[Source "Chessbase"]
[SourceDate "2023.11.12"]
[SourceVersion "1"]
[SourceVersionDate "2023.11.12"]
[SourceQuality "1"]

1. e4 e5 2. Nf3 Nc6 3. Bb5 a6 4. Ba4 Nf6 5. 0-0 Be7 6. d3 b5 7. Bb3 d6 8. a3 Na5 9. Ba2 c5 10. Nc3 Be6 11. Bg5 Nc6 12. Bxf6 Bxf6 13. Nd5 0-0 14. c3 a5 15. a4 b4 16. Bc4 Rb8 17. h3 h6 18. Qd2 Kh7 19. Rfd1 g6 20. Nxf6+ Qxf6 21. Nh2 Kg7 22. Ng4 Qf4 23. Ne3 Rfd8 24. Qe2 h5 25. g3 Qf6 26. Nd5 Bxd5 27. Bxd5 Ne7 28. Bc4 h4 29. Qg4 d5 30. Bb5 bxc3 31. bxc3 Rh8 32. Rf1 Rh5 33. Kg2 Rbh8 34. Rh1 Rd8 35. Rad1 Rdh8 36. Rde1 Rd8 37. Qf3 Qe6 38. g4 Rhh8 39. Qe3 Qd6 40. Rhf1 f6 41. d4 cxd4 42. cxd4 dxe4 43. dxe5 Qxe5 44. Qxe4 Qxe4+ 45. Rxe4 Nd5 46. Bc6 Rd6 47. Bxd5 Rxd5 48. Rb1 Rhd8 49. Re7+ Kh6 50. Ra7 Rc8 51. Rb5 Rxb5 52. axb5 Rc3 53. Rxa5 Rb3 54. Ra6 Rxb5 55. Rxf6 Kg5 56. Re6 Rb3 57. Re3 Rb5 58. Kf3 Ra5 59. Rd3 Re5 60. Rd4 Kf6 61. Kf4 g5+ 62. Kf3 Re6 63. Rd5 Kg6 64. Kg2 Ra6 65. Rd3 Rf6 66. Rd4 Ra6 67. Re4 Ra2 68. Rb4 Kf6 69. Rb6+ Kg7 70. Rb3 Kg6 71. Kf3 Ra6 72. Ke4 Re6+ 73. Kd5 Re2 74. Rf3 Re1 75. Re3 Rf1 76. Re6+ Kg7 77. Re2 Rh1 78. Re3 Rf1 79. f3 Kf6 80. Ke4 Ra1 81. Rd3 Re1+ 82. Re3 Ra1 83. Rd3 Re1+ 84. Re3 1/2-1/2

[Event "FIDE Grand Swiss (Women)"]
[Site "Douglas"]
[Date "2023.10.28"]
[Round "4"]
[White "Muzychuk, Anna"]
[Black "Tan, Zhongyi"]
[Result "1/2-1/2"]
[WhiteElo "2510"]
[BlackElo "2517"]
[PlyCount "134"]
[EventDate "2023.10.25"]
[EventType "swiss"]
[EventRounds "11"]
[EventCountry "IOM"]
[SourceTitle "Mega2024 Update 01"]
[Source "Chessbase"]
[SourceDate "2023.11.12"]
[SourceVersion "1"]
[SourceVersionDate "2023.11.12"]
[SourceQuality "1"]

1. e4 c5 2. Nf3 d6 3. Bb5+ Nd7 4. 0-0 a6 5. Bd3 Ngf6 6. c3 b5 7. a4 c4 8. Be2 Bb7 9. axb5 axb5 10. Rxa8 Bxa8 11. Na3 Qb8 12. d3 cxd3 13. Bxd3 Bxe4 14. Bxb5 e5 15. Re1 Qb7 16. Bg5 Bxf3 17. Qxf3 Qxf3 18. gxf3 Ke7 19. f4 h6 20. Bxf6+ gxf6 21. Nc4 d5 22. Ne3 Nb6 23. Ra1 d4 24. cxd4 exd4 25. Nf5+ Ke6 26. Bd3 Bd6 27. Re1+ Kd5 28. Be4+ Ke6 29. Bd3+ Kd5 30. Be4+ Ke6 31. Nxd4+ Kd7 32. Bf5+ Kd8 33. Rd1 Bb8 34. b4 Kc7 35. Rc1+ Kd6 36. Be4 Rc8 37. Nc6 f5 38. Rd1+ Kc7 39. Bf3 Rg8+ 40. Kf1 Re8 41. Nd4 Kc8 42. Nxf5 Re6 43. Rc1+ Kd7 44. Rd1+ Kc8 45. Ne3 Rd6 46. Rc1+ Kd8 47. b5 Rf6 48. f5 Bxh2 49. Ng4 Bf4 50. Rd1+ Rd6 51. Rxd6+ Bxd6 52. Nxh6 Ke7 53. Bh5 Kf6 54. Nxf7 Bc7 55. Bg6 Nc4 56. Nh6 Nd6 57. f4 Nxb5 58. Ng4+ Kg7 59. Be8 Nd6 60. f6+ Kf8 61. Bg6 Nf7 62. f5 Ne5 63. Nf2 Bd8 64. Ne4 Nxg6 65. fxg6 Bxf6 66. Nxf6 Kg7 67. Ne4 Kxg6 1/2-1/2

[Event "FIDE World Cup (Women)"]
[Site "Baku"]
[Date "2023.08.14"]
[Round "5.3"]
[White "Muzychuk, Anna"]
[Black "Paehtz, Elisabeth"]
[Result "0-1"]
[WhiteElo "2504"]
[BlackElo "2471"]
[PlyCount "93"]
[EventDate "2023.07.30"]
[EventType "k.o."]
[EventRounds "7"]
[EventCountry "AZE"]
[SourceTitle "EXT 2024"]
[Source "ChessBase"]
[SourceDate "2023.10.10"]
[SourceVersion "1"]
[SourceVersionDate "2023.10.10"]
[SourceQuality "1"]

1. e4 c5 2. Nf3 Nc6 3. Bb5 e6 4. Bxc6 bxc6 5. b3 f6 6. 0-0 Ne7 7. Qe2 Ng6 8. c3 Be7 9. d4 cxd4 10. cxd4 a5 11. Re1 0-0 12. Nc3 Ba6 13. Qe3 f5 14. e5 h6 15. Na4 Bb5 16. Nc5 Bxc5 17. dxc5 a4 18. b4 Ne7 19. Nd4 Nd5 20. Qd2 Ba6 21. a3 Qh4 22. f3 Kh8 23. Qf2 Qh5 24. Bb2 f4 25. Rad1 g5 26. g4 Qg6 27. Bc1 Kg7 28. Qc2 Qxc2 29. Nxc2 h5 30. h3 Rh8 31. Kg2 Rh7 32. Rh1 Rah8 33. Nd4 Nc3 34. Rde1 Bc4 35. Bd2 Nb5 36. Nxb5 cxb5 37. Reg1 Bd5 38. Kf2 hxg4 39. Rxg4 Rxh3 40. Rxg5+ Kf7 41. Rxh3 Rxh3 42. Bc1 Rxf3+ 43. Ke2 Rh3 44. Rg1 f3+ 45. Ke3 Rh4 46. Bd2 Rh2 47. Bc1 0-1

[Event "FIDE World Cup (Women)"]
[Site "Baku"]
[Date "2023.08.14"]
[Round "5.4"]
[White "Paehtz, Elisabeth"]
[Black "Muzychuk, Anna"]
[Result "0-1"]
[WhiteElo "2471"]
[BlackElo "2504"]
[PlyCount "98"]
[EventDate "2023.07.30"]
[EventType "k.o."]
[EventRounds "7"]
[EventCountry "AZE"]
[SourceTitle "EXT 2024"]
[Source "ChessBase"]
[SourceDate "2023.10.10"]
[SourceVersion "1"]
[SourceVersionDate "2023.10.10"]
[SourceQuality "1"]

1. d4 d5 2. Nf3 Bf5 3. Bf4 Nf6 4. e3 e6 5. Bd3 Bd6 6. Bg3 Ne4 7. Nbd2 Nxg3 8. hxg3 Bxd3 9. cxd3 Nd7 10. g4 Qe7 11. Qb3 0-0-0 12. Nb1 h6 13. Nc3 Nf6 14. Qa4 Kb8 15. Ne5 a6 16. b4 Bxe5 17. dxe5 Nxg4 18. d4 f6 19. b5 a5 20. Qxa5 b6 21. Qa4 fxe5 22. Rb1 exd4 23. Qxd4 Qf6 24. Qxf6 Nxf6 25. a4 e5 26. Na2 Kb7 27. Nb4 d4 28. Nc6 Rd5 29. exd4 exd4 30. f3 Re8+ 31. Kd2 Rg5 32. g4 h5 33. Rbe1 Ra8 34. Ra1 hxg4 35. f4 Rf5 36. Rhf1 Nh5 37. Nxd4 Rxf4 38. Rxf4 Nxf4 39. Nc6 g3 40. Ke3 g5 41. Rd1 g2 42. Kf2 Rxa4 43. Nd8+ Kc8 44. Nc6 Ra2+ 45. Kf3 Ne6 46. Kg4 Rd2 47. Ra1 Kd7 48. Kf5 Rf2+ 49. Ke5 Rf1 0-1

[Event "FIDE World Cup (Women)"]
[Site "Baku"]
[Date "2023.08.14"]
[Round "5.8"]
[White "Paehtz, Elisabeth"]
[Black "Muzychuk, Anna"]
[Result "1/2-1/2"]
[WhiteElo "2471"]
[BlackElo "2504"]
[PlyCount "73"]
[EventDate "2023.07.30"]
[EventType "k.o."]
[EventRounds "7"]
[EventCountry "AZE"]
[SourceTitle "EXT 2024"]
[Source "ChessBase"]
[SourceDate "2023.10.10"]
[SourceVersion "1"]
[SourceVersionDate "2023.10.10"]
[SourceQuality "1"]

1. Nf3 d5 2. e3 Nf6 3. c4 e6 4. Nc3 c6 5. b3 Bd6 6. Bb2 e5 7. cxd5 cxd5 8. Nb5 Nc6 9. Nxd6+ Qxd6 10. Bb5 e4 11. Nd4 Bd7 12. Be2 Ne5 13. f4 exf3 14. Nxf3 Nxf3+ 15. Bxf3 0-0 16. 0-0 Ne4 17. Rc1 Rac8 18. Qe2 f6 19. Bd4 a6 20. Bxe4 dxe4 21. Qh5 Qe6 22. h3 Rxc1 23. Rxc1 Rc8 24. Bc3 Bb5 25. Qh4 Bd3 26. Qf4 h5 27. Kh1 Kh7 28. g4 Rc5 29. Rg1 Be2 30. Kh2 Rg5 31. Rg2 Bf3 32. Rg3 hxg4 33. Kg1 gxh3 34. Rxg5 fxg5 35. Qxg5 Qg4+ 36. Qxg4 Bxg4 37. Kh2 1/2-1/2

[Event "FIDE World Cup (Women)"]
[Site "Baku"]
[Date "2023.08.13"]
[Round "5.2"]
[White "Paehtz, Elisabeth"]
[Black "Muzychuk, Anna"]
[Result "1/2-1/2"]
[WhiteElo "2471"]
[BlackElo "2504"]
[PlyCount "107"]
[EventDate "2023.07.30"]
[EventType "k.o."]
[EventRounds "7"]
[EventCountry "AZE"]
[SourceTitle "EXT 2024"]
[Source "ChessBase"]
[SourceDate "2023.10.10"]
[SourceVersion "1"]
[SourceVersionDate "2023.10.10"]
[SourceQuality "1"]

1. d4 Nf6 2. c4 e6 3. Nf3 d5 4. g3 dxc4 5. Bg2 c5 6. 0-0 Nc6 7. dxc5 Qxd1 8. Rxd1 Bxc5 9. Nbd2 c3 10. bxc3 0-0 11. Nb3 Be7 12. Nfd4 Nxd4 13. cxd4 Nd5 14. Bd2 f5 15. Nc5 b6 16. Nd3 Ba6 17. Nf4 Nxf4 18. Bxf4 Rac8 19. e3 g5 20. Be5 Bf6 21. Bxf6 Rxf6 22. Rac1 Rff8 23. d5 Rxc1 24. Rxc1 Rc8 25. Rxc8+ Bxc8 26. f4 gxf4 27. exf4 Kf7 28. a3 Ke7 29. Kf2 Kd6 30. dxe6 Bxe6 31. Ke3 Kc5 32. Bf1 b5 33. Bd3 h6 34. g4 fxg4 35. Bg6 Ba2 36. f5 Bb1 37. Kf4 Kd6 38. Be8 Bd3 39. Kxg4 a5 40. f6 Ke6 41. Kh5 Kxf6 42. Kxh6 a4 43. h4 Ke7 44. Bc6 Kd6 45. Be8 Bc4 46. Bg6 Kc5 47. h5 b4 48. axb4+ Kxb4 49. Kg7 a3 50. Bb1 a2 51. Bxa2 Bxa2 52. h6 Bb1 53. h7 Bxh7 54. Kxh7 1/2-1/2

[Event "FIDE World Cup (Women)"]
[Site "Baku"]
[Date "2023.08.12"]
[Round "5.1"]
[White "Muzychuk, Anna"]
[Black "Paehtz, Elisabeth"]
[Result "1/2-1/2"]
[WhiteElo "2504"]
[BlackElo "2471"]
[PlyCount "60"]
[EventDate "2023.07.30"]
[EventType "k.o."]
[EventRounds "7"]
[EventCountry "AZE"]
[SourceTitle "EXT 2024"]
[Source "ChessBase"]
[SourceDate "2023.10.10"]
[SourceVersion "1"]
[SourceVersionDate "2023.10.10"]
[SourceQuality "1"]

1. e4 c5 2. Nf3 e6 3. d4 cxd4 4. Nxd4 Nf6 5. Nc3 Nc6 6. Nxc6 bxc6 7. e5 Nd5 8. Ne4 Bb7 9. c4 Nb4 10. c5 Qb8 11. f4 Ba6 12. Be2 Bxe2 13. Qxe2 Nd5 14. 0-0 Qb5 15. Qxb5 cxb5 16. Bd2 f5 17. exf6 Nxf6 18. Nxf6+ gxf6 19. b4 a5 20. f5 axb4 21. Bxb4 Be7 22. a3 Rc8 23. a4 bxa4 24. Rxa4 0-0 25. Ra7 Bxc5+ 26. Bxc5 Rxc5 27. Rxd7 Rxf5 28. Rxf5 exf5 29. Rd5 Kg7 30. Rxf5 Rb8 1/2-1/2

[Event "FIDE World Cup (Women)"]
[Site "Baku"]
[Date "2023.08.03"]
[Round "2.2"]
[White "Daulyte Cornette, Deimante"]
[Black "Muzychuk, Anna"]
[Result "1/2-1/2"]
[WhiteElo "2348"]
[BlackElo "2504"]
[PlyCount "119"]
[EventDate "2023.07.30"]
[EventType "k.o."]
[EventRounds "7"]
[EventCountry "AZE"]
[SourceTitle "EXT 2024"]
[Source "ChessBase"]
[SourceDate "2023.10.10"]
[SourceVersion "1"]
[SourceVersionDate "2023.10.10"]
[SourceQuality "1"]

1. e4 e5 2. Nf3 Nf6 3. Nxe5 d6 4. Nf3 Nxe4 5. Nc3 Nf6 6. d4 Be7 7. Bd3 0-0 8. h3 c5 9. Be3 Nc6 10. a3 a6 11. d5 Na7 12. a4 Bd7 13. 0-0 b5 14. Be2 Re8 15. axb5 axb5 16. b4 Qc7 17. Qb1 Rab8 18. Rd1 Bd8 19. Ne1 Nc8 20. Nd3 cxb4 21. Qxb4 Nb6 22. Nc1 Na4 23. Ra3 Nxc3 24. Rxc3 Qa5 25. Qxd6 Qxc3 26. Qxb8 Qxc2 27. Qb7 Ba5 28. Bf3 Qc8 29. Qa7 Qc7 30. Qd4 Bc3 31. Qd3 Be5 32. Nb3 Qc4 33. Nc5 Qxd3 34. Rxd3 b4 35. Nxd7 Nxd7 36. d6 Rd8 37. Bd1 Nf6 38. Bc5 Ne4 39. Bxb4 Nxd6 40. Bf3 g6 41. g3 f5 42. Bd5+ Kg7 43. f4 Bf6 44. Ba5 Rc8 45. Be6 Rc6 46. g4 fxg4 47. hxg4 Nf7 48. Bd5 Rd6 49. g5 Bb2 50. Kg2 h6 51. gxh6+ Nxh6 52. Kf3 Ng8 53. Bc7 Rd7 54. Be5+ Bxe5 55. fxe5 Ne7 56. Be4 Rxd3+ 57. Bxd3 Nc6 58. Bxg6 Nxe5+ 59. Ke4 Kxg6 60. Kxe5 1/2-1/2

[Event "FIDE World Cup (Women)"]
[Site "Baku"]
[Date "2023.08.02"]
[Round "2.1"]
[White "Muzychuk, Anna"]
[Black "Daulyte Cornette, Deimante"]
[Result "1-0"]
[WhiteElo "2504"]
[BlackElo "2348"]
[PlyCount "83"]
[EventDate "2023.07.30"]
[EventType "k.o."]
[EventRounds "7"]
[EventCountry "AZE"]
[SourceTitle "EXT 2024"]
[Source "ChessBase"]
[SourceDate "2023.10.10"]
[SourceVersion "1"]
[SourceVersionDate "2023.10.10"]
[SourceQuality "1"]

1. e4 c5 2. Nf3 Nc6 3. d4 cxd4 4. Nxd4 Nf6 5. Nc3 e5 6. Ndb5 d6 7. Bg5 a6 8. Na3 b5 9. Nd5 Be7 10. Bxf6 Bxf6 11. c3 Rb8 12. Nc2 Bg5 13. g3 h5 14. h4 Bh6 15. a4 Bg4 16. Be2 Bxe2 17. Qxe2 bxa4 18. Qxa6 Qd7 19. Ncb4 Nxb4 20. cxb4 0-0 21. Qxa4 Qb7 22. Qa6 Qd7 23. Qd3 Kh8 24. 0-0 f5 25. exf5 Rxf5 26. Ne7 Rf7 27. Ng6+ Kg8 28. Ra6 Rd8 29. Rd1 Rf6 30. Nxe5 Qh3 31. Qd5+ Kh7 32. Qe4+ Kg8 33. Qd5+ Kh7 34. Qe4+ Kg8 35. Ra8 Rxa8 36. Qxa8+ Kh7 37. Qe4+ Kg8 38. Qa8+ Kh7 39. Qe4+ Kg8 40. Nf3 Re6 41. Qd5 Kh8 42. Qxh5 1-0

[Event "UKR-GEO Solidarity"]
[Site "Batumi"]
[Date "2023.06.05"]
[Round "1.2"]
[White "Muzychuk, Anna"]
[Black "Arabidze, Meri"]
[Result "1/2-1/2"]
[WhiteElo "2509"]
[BlackElo "2446"]
[PlyCount "109"]
[EventDate "2023.06.05"]
[EventType "team-match"]
[EventRounds "6"]
[EventCountry "GEO"]
[SourceTitle "CBM 214 Extra"]
[Source "ChessBase"]
[SourceDate "2023.07.31"]
[SourceVersion "1"]
[SourceVersionDate "2023.07.31"]
[SourceQuality "1"]
[WhiteTeam "Ukraine"]
[BlackTeam "Georgia"]
[WhiteTeamCountry "UKR"]
[BlackTeamCountry "GEO"]

1. e4 e5 2. Nf3 Nc6 3. Bb5 a6 4. Ba4 Nf6 5. 0-0 Be7 6. d3 b5 7. Bb3 d6 8. a3 0-0 9. Nc3 Bg4 10. Be3 Nd4 11. Bxd4 exd4 12. Nd5 Nd7 13. h3 Bxf3 14. Nxe7+ Qxe7 15. Qxf3 c6 16. Qe2 Nc5 17. Ba2 Na4 18. Rab1 Rae8 19. Qd2 Kh8 20. Rfe1 Qd8 21. Re2 h6 22. Qb4 Qf6 23. Bb3 Nc5 24. Rbe1 Nxb3 25. cxb3 c5 26. Qa5 Qe6 27. Qxa6 Qxb3 28. Qxd6 Rc8 29. Rd2 Rfd8 30. Qb6 Rd7 31. e5 Rdc7 32. Qd6 Kh7 33. Re4 Rc6 34. Qd7 R8c7 35. Qf5+ Kg8 36. Kh2 Qd5 37. Qf4 Qb3 38. h4 Re7 39. Qg3 Rg6 40. Qf4 Rge6 41. f3 Re8 42. Qg3 Qd5 43. f4 c4 44. Rde2 Rg6 45. Qf3 Rc6 46. dxc4 Rxc4 47. Qd3 b4 48. e6 Rxe6 49. Rxe6 fxe6 50. Re5 Qc6 51. Qg6 Rc2 52. axb4 d3 53. Qxe6+ Qxe6 54. Rxe6 Rxb2 55. Rd6 1/2-1/2

[Event "BL 2223 (Women)"]
[Site "Germany"]
[Date "2023.04.30"]
[Round "10.5"]
[White "Muzychuk, Anna"]
[Black "Batsiashvili, Nino"]
[Result "1/2-1/2"]
[WhiteElo "2534"]
[BlackElo "2462"]
[PlyCount "43"]
[EventDate "2022.10.15"]
[EventType "team-tourn"]
[EventRounds "11"]
[EventCountry "GER"]
[SourceTitle "EXT 2024"]
[Source "ChessBase"]
[SourceDate "2023.10.10"]
[SourceVersion "1"]
[SourceVersionDate "2023.10.10"]
[SourceQuality "1"]
[WhiteTeam "Baden-Baden (W)"]
[BlackTeam "Schwaebisch Hall (W)"]
[WhiteTeamCountry "GER"]
[BlackTeamCountry "GER"]

1. e4 e5 2. Nf3 Nc6 3. Bb5 a6 4. Ba4 Nf6 5. 0-0 Bc5 6. c3 b5 7. Bb3 d6 8. d4 Bb6 9. Be3 Bg4 10. Nbd2 0-0 11. h3 Bh5 12. Qe1 Rb8 13. dxe5 Nxe5 14. Nxe5 dxe5 15. f3 Nd7 16. Rf2 Nc5 17. Bc2 Qh4 18. Nf1 Rfd8 19. Rd2 Qxe1 20. Rxe1 Rxd2 21. Nxd2 f6 22. b4 1/2-1/2